The Us Federal Debt Outlook : Reading the Tea Leaves /

We show that fiscal policies reflecting a primary balance response to higher debt in line with historic experience would significantly increase the likelihood of reaching the debt targets of the U.S. administration in the medium term. Deficits and debt are higher under current budgetary proposals an...

সম্পূর্ণ বিবরণ

গ্রন্থ-পঞ্জীর বিবরন
প্রধান লেখক: Celasun, Oya
অন্যান্য লেখক: Keim, Geoffrey
বিন্যাস: পত্রিকা
ভাষা:English
প্রকাশিত: Washington, D.C. : International Monetary Fund, 2010.
মালা:IMF Working Papers; Working Paper ; No. 2010/062
বিষয়গুলি:
অনলাইন ব্যবহার করুন:Full text available on IMF
LEADER 01720cas a2200265 a 4500
001 AALejournalIMF009247
008 230101c9999 xx r poo 0 0eng d
020 |c 5.00 USD 
020 |z 9781451982688 
022 |a 1018-5941 
040 |a BD-DhAAL  |c BD-DhAAL 
100 1 |a Celasun, Oya. 
245 1 4 |a The Us Federal Debt Outlook :   |b Reading the Tea Leaves /  |c Oya Celasun, Geoffrey Keim. 
264 1 |a Washington, D.C. :  |b International Monetary Fund,  |c 2010. 
300 |a 1 online resource (18 pages) 
490 1 |a IMF Working Papers 
500 |a <strong>Off-Campus Access:</strong> No User ID or Password Required 
500 |a <strong>On-Campus Access:</strong> No User ID or Password Required 
506 |a Electronic access restricted to authorized BRAC University faculty, staff and students 
520 3 |a We show that fiscal policies reflecting a primary balance response to higher debt in line with historic experience would significantly increase the likelihood of reaching the debt targets of the U.S. administration in the medium term. Deficits and debt are higher under current budgetary proposals and IMF projections for real activity and interest rates, which do not include a reaction of policies to rising primary deficits. Under the IMF staff's current economic projections, a primary fiscal adjustment of about 3.5 percent of GDP would be needed to achieve a debt level of about 70 percent of GDP in 2020. 
538 |a Mode of access: Internet 
650 7 |a Fiscal Policy  |2 imf 
700 1 |a Keim, Geoffrey. 
830 0 |a IMF Working Papers; Working Paper ;  |v No. 2010/062 
856 4 0 |z Full text available on IMF  |u http://elibrary.imf.org/view/journals/001/2010/062/001.2010.issue-062-en.xml  |z IMF e-Library